000 00583nam a2200181 i 4500
001 33637
003 ES-MaACL
005 20230906154808.0
007 t|
008 030203s1976 sp ||||1| spa d
100 1 _aBettelheim, Charles.
_928678
245 1 4 _aLas luchas de clase en la URSS
_b: primer periodo, 1917-1923 /
_cpor Charles Bettelheim ; [traducción de José Luis Alonso].
250 _a[1ª ed.].
260 _aMadrid, etc. :
_bSiglo Veintiuno,
_c[1976]
300 _a522 p. ;
_c21 cm.
700 1 _aAlonso, José Luis.
_920214
852 _aES-MaACL
_jA-5954
_bR.94793
999 _c33637
_d33637